000
00202 a2200097 4500
001
19828
100
_a
James, M L
245
_a
Applied numerical methods
260
_a
_b
I T C
_c
090
_c
14452
_d
14452
942
_a
NUST-CAE
_c
M
_c
4950
999
_c
254901
_d
254901